| 000 | 00934nam a2200301 i 4500 | ||
|---|---|---|---|
| 001 | 246373 | ||
| 003 | DO-SdBNP | ||
| 005 | 20241011112240.0 | ||
| 007 | 246373 | ||
| 008 | 870831s1986 sp spa | ||
| 020 | _a8476347456 | ||
| 040 |
_aBPMSU _bspa _cBPMSU |
||
| 082 | 4 |
_a843.8 _bV531J 1986 _222 |
|
| 100 | 1 |
_aVerne, Julio, _d1828-1905 |
|
| 245 | 1 | 0 |
_aJulio Verne : _bCinco semanas en globo/ _cJulio Verne ; traducción, A. Ribot y Fontserré |
| 246 | 1 | 2 | _5Cinco semanas en globo |
| 260 |
_aBarcelona : _bEdiciones Orbis, _c1986 |
||
| 300 |
_a288 p.: _bil. _c20 cm. |
||
| 490 | 0 |
_aJulio Verne, _v1 |
|
| 500 | _a | ||
| 590 | _aInventariado, 2024 | ||
| 650 | 4 | _aNovela juvenil francesa | |
| 650 | 4 |
_aLiteratura juvenil francesa _ySiglo XIX |
|
| 700 | 1 |
_aRibot y Fontseré, Antonio _d1813-1871 _etraductor |
|
| 700 | 1 |
_aRiou, Édouard _d1833-1900 |
|
| 910 | _aVMateo V. /Validado. Control de calidad MFF | ||
| 942 |
_2ddc _cBK |
||
| 999 |
_c8675 _d8675 |
||